000
00343nam a22001457a 4500
008
210511b ||||| |||| 00| 0 eng d
020
_a
0471016047
041
_a
eng
080
_a
311
082
_a
311
100
_a
55
101
_a
STA
245
_a
Introductory Biostatistics for the Health Sciences
_c
Robert C. Duncan
942
_2
udc
_c
BK
999
_c
57141
_d
57141